| 000 | 01497nam a2200133Ia 4500 | ||
|---|---|---|---|
| 008 | 220615s9999||||xx |||||||||||||| ||und|| | ||
| 020 | _a9783040000000 | ||
| 245 | 0 | _aFiber Bragg Grating Based Sensors and Systems | |
| 546 | _aEnglish[eng] | ||
| 650 | _aFiber Bragg Grating (FBG)||composite insulator with embedded FBGs||glaze icing||icing detection||fiber Bragg grating strain sensor||algorithm||hand motion capture||real-time tracking||fiber Bragg gratings||landing simulation||rotorcraft||coupled sequential method||landing structural response||finite element analysis (FEA)||microwave-photonic sensor systems||Fiber Bragg Gratings||Addressed Fiber Bragg Structures||Multi-Addressed Fiber Bragg Structures||long-gauge FBG||damage detection||highway bridges||vehicle–bridge interaction||comparative study||fiber Bragg grating||fiber optic sensor||dynamic chirp||DFB laser||chiral structures||orbital angular momentum||apodization||chirp||coupled modes theory||FBG||PWM||engine||high temperature||ECU||FBG demodulator||fiber sensing||high-speed interrogation||dynamic strain||microwave photonic sensor system||numerical simulation||addressed fiber Bragg structures||load-sensing bearings||vehicle dynamics control||Fibre Bragg Gratings||neutron diffraction||X-ray tomography||tensile test||fiber Bragg grating sensors||spectrograph||high angular dispersion||curved detectors||freeform optics | ||
| 700 | _aMorozov, Oleg | ||
| 856 | _uhttps://mdpi.com/books/pdfview/book/4006 | ||
| 942 | _cEB | ||
| 999 |
_c16842 _d16842 |
||